[Event "CAT-chT Honor Division 2019"]
[Site "Catalonia"]
[Date "2019.03.23"]
[Round "9"]
[White "Peralta, Fernando"]
[Black "Agrest, Evgenij"]
[Result "*"]
[WhiteElo "2580"]
[BlackElo "2581"]
[Annotator "TA"]
[PlyCount "23"]
[EventDate "2019.01.16"]
[EventType "team-tourn"]
[EventCountry "ESP"]
[SourceTitle "playchess.com"]
[Source "ChessBase"]
[SourceQuality "1"]
[WhiteTeam "BCN"]
[BlackTeam "Colon Sabadell"]

{[%evp 13,23,18,40,29,29,29,34,32,48,38,59,22]} 1. d4 d5 2. c4 c6 3. Nf3 Nf6 4. Nc3 e6 5. Bg5 Nbd7 6. e3 Qa5 7. cxd5 Nxd5 8. Rc1 {[%cal Ba1c1,Bc1c2,Bc2d2][%mdl 32] D52: Queen's Gambit Declined: Cambridge Springs Variation} Nxc3 9. bxc3 Ba3 10. Rc2 {White is slightly better.} b6 11. Bd3 Ba6 12. Rd2 $146 ({Predecessor:} 12. O-O Bxd3 13. Qxd3 O-O 14. Rb1 Rfe8 15. c4 Bf8 {1-0 (47) Moiseenko,A (2692)-Agrest,E (2596) Berlin 2015}) *

[Event "CAT-chT Honor Division 2019"]
[Site "Catalonia"]
[Date "2019.03.23"]
[Round "9"]
[White "Magem Badals, Jordi"]
[Black "Asis Gargatagli, Hipolito"]
[Result "*"]
[WhiteElo "2522"]
[BlackElo "2529"]
[Annotator "TA"]
[PlyCount "43"]
[EventDate "2019.01.16"]
[EventType "team-tourn"]
[EventCountry "ESP"]
[SourceTitle "playchess.com"]
[Source "ChessBase"]
[SourceQuality "1"]
[WhiteTeam "Colon Sabadell"]
[BlackTeam "BCN"]

{[%evp 6,6,56]} 1. e4 e5 2. Nf3 Nc6 3. Bb5 g6 {Predecessor:} 4. d4 $146 exd4 5. c3 Nge7 6. cxd4 d5 7. exd5 Nxd5 8. O-O Bg7 9. Bxc6+ bxc6 10. Bg5 Qd6 11. Re1+ Be6 12. Nbd2 O-O 13. Ne4 Qb4 14. Qc1 Rfe8 15. Bd2 Qb6 16. Nc5 Bf5 17. Ne5 Rad8 18. h3 Nf6 19. Nb3 Rd5 20. Nxc6 Rxe1+ 21. Bxe1 Bf8 22. Ne5 {1-0 (46) Naiditsch,A (2721)-Nakamura,H (2763) Douglas 2018} *

[Event "CAT-chT Honor Division 2019"]
[Site "Catalonia"]
[Date "2019.03.23"]
[Round "9"]
[White "Moskalenko, Viktor"]
[Black "Gonzalez Garcia, Jose"]
[Result "*"]
[WhiteElo "2515"]
[BlackElo "2492"]
[Annotator "RC"]
[PlyCount "65"]
[EventDate "2019.01.16"]
[EventType "team-tourn"]
[EventCountry "ESP"]
[SourceTitle "playchess.com"]
[Source "ChessBase"]
[SourceQuality "1"]
[WhiteTeam "BCN"]
[BlackTeam "Colon Sabadell"]
[TimeControl "5400+30"]

1. d4 d5 2. c4 c6 3. cxd5 cxd5 4. Nc3 Nf6 5. Bf4 Nc6 6. e3 a6 7. Rc1 Bf5 8. Nf3 e6 9. Qb3 Bb4 10. Ne5 O-O 11. Nxc6 Bxc3+ 12. Qxc3 bxc6 13. h4 Nh5 14. Be5 Nf6 15. Be2 h6 16. f3 Nd7 17. Bd6 Re8 18. g4 Bg6 19. h5 Bh7 20. Kf2 Nb8 21. Bg3 a5 22. b3 a4 23. b4 a3 24. Qc5 Na6 25. Qd6 Qxd6 26. Bxd6 Red8 27. Rxc6 Rxd6 28. Rxd6 Nxb4 29. Rb6 Nd3+ 30. Kg3 g5 31. hxg6 Bxg6 32. Bxd3 Bxd3 33. Rxh6 *

[Event "CAT-chT Honor Division 2019"]
[Site "Catalonia"]
[Date "2019.03.23"]
[Round "9"]
[White "Moskalenko, Viktor"]
[Black "Gonzalez Garcia, Jose"]
[Result "1-0"]
[WhiteElo "2515"]
[BlackElo "2492"]
[Annotator "TA"]
[PlyCount "65"]
[EventDate "2019.01.16"]
[EventType "team-tourn"]
[EventCountry "ESP"]
[SourceTitle "playchess.com"]
[Source "ChessBase"]
[SourceQuality "1"]
[WhiteTeam "BCN"]
[BlackTeam "Colon Sabadell"]

{[%evp 18,65,27,43,90,84,88,89,86,84,124,123,129,123,185,181,226,229,244,229,227,213,208,122,133,135,125,123,234,229,238,207,247,225,321,324,454,441,486,470,475,464,482,482,586,553,553,553,543,516]} 1. d4 d5 2. c4 c6 3. cxd5 cxd5 4. Nc3 Nf6 5. Bf4 Nc6 6. e3 a6 7. Rc1 Bf5 8. Nf3 e6 9. Qb3 Bb4 {D13: Slav Defence: Exchange variation without ...Bf5} (9... Ra7 10. Be2 Be7 11. O-O O-O 12. Na4 Nd7 13. a3 Bg4 14. h3 Bxf3 15. Bxf3 Na5 16. Qa2 Nc4 17. Be2 {0-1 (50) Akobian,V (2647)-Karjakin,S (2760) Riadh 2017}) 10. Ne5 {LiveBook: 9 Games. Nxc6 is the strong threat.} O-O 11. Nxc6 Bxc3+ {White is better.} 12. Qxc3 (12. Rxc3 bxc6 13. Rxc6 Rc8 $11) 12... bxc6 13. h4 $146 (13. Qxc6 Qa5+ 14. Qc3 Qxa2 $11) ({Predecessor:} 13. Be2 Qb6 14. O-O Rfc8 15. f3 Nd7 16. Bd6 a5 17. Qa3 {½-½ (42) Grinev,V (2361)-Veltkamp,G (2171) Krakow 2010}) 13... Nh5 14. Be5 Nf6 15. Be2 (15. Qxc6 $6 Qa5+ 16. Qc3 Qxa2 $14) 15... h6 {[#]} (15... h5 $16 16. Qa3 (16. Qxc6 Qa5+ 17. Qc3 Qxa2 $16) 16... Qb6 17. Bxf6 gxf6) 16. f3 $1 $18 ({Don't do} 16. Qxc6 $6 Qa5+ 17. Qc3 Qxa2 $14) 16... Nd7 17. Bd6 ({Inferior is} 17. Qxc6 Nxe5 18. dxe5 Qa5+ 19. Qc3 Qxa2 $11) 17... Re8 18. g4 Bg6 19. h5 Bh7 20. Kf2 (20. Qxc6 $18 Rc8 21. Bc7) 20... Nb8 $16 21. Bg3 $36 {[%mdl 2048] Black is under strong pressure.} a5 22. b3 {[%cal Bb2b3,Bb3b4][%mdl 32]} a4 (22... Qe7 $16 23. Qc5 Qb7) 23. b4 $18 a3 24. Qc5 Na6 {[#]} 25. Qd6 $1 ({Less strong is} 25. Qxc6 Nxb4 26. Qb5 Qa5 $14) 25... Qxd6 (25... Qe7 {is a better defense.}) 26. Bxd6 Red8 (26... Nxb4 {was worth a try.} 27. Bxb4 Reb8) 27. Rxc6 {White is clearly winning.} Rxd6 28. Rxd6 Nxb4 29. Rb6 Nd3+ 30. Kg3 g5 31. hxg6 Bxg6 32. Bxd3 Bxd3 33. Rxh6 {Precision: White = 98%, Black = 33%.} 1-0

[Event "CAT-chT Honor Division 2019"]
[Site "Catalonia"]
[Date "2019.03.23"]
[Round "9"]
[White "Stella, Andrea"]
[Black "Feher, Adam"]
[Result "*"]
[WhiteElo "2512"]
[BlackElo "2387"]
[Annotator "TA RC"]
[PlyCount "95"]
[EventDate "2019.01.16"]
[EventType "team-tourn"]
[EventCountry "ESP"]
[SourceTitle "playchess.com"]
[Source "ChessBase"]
[SourceQuality "1"]
[WhiteTeam "Colon Sabadell"]
[BlackTeam "BCN"]

{[%evp 17,95,6,12,0,19,8,36,27,36,36,67,56,68,64,70,68,107,114,134,125,241,276,586,326,341,299,761,752,720,544,623,632,625,608,594,571,589,521,521,521,521,520,560,537,548,518,633,589,768,789,819,811,901,871,919,879,840,822,2477,2472,2847,2663,2794,2804,2523,2436,2213,1865,2186,2037,29975,29976,29976,29973,4929,0,5106,0,4805,4090]} 1. d4 Nf6 2. c4 e6 3. Nc3 Bb4 4. e3 O-O 5. Nge2 d5 6. a3 Be7 7. cxd5 exd5 8. Nf4 b6 9. Bd3 Bb7 10. O-O {E44: Nimzo-Indian: Rubinstein: 4...b6 5 Ne2} (10. b4 c5 11. bxc5 bxc5 12. dxc5 Nbd7 13. O-O Nxc5 14. Be2 Bd6 15. Nb5 Be5 16. Rb1 Nfe4 17. Bb2 Bxb2 18. Rxb2 {½-½ (40) Izoria,Z (2599)-Nakamura,H (2781) chess.com INT 2018}) 10... c5 11. Qf3 Nc6 $146 ({Predecessor:} 11... Bd6 12. dxc5 bxc5 13. Rd1 Bxf4 14. Qxf4 Qe7 15. b4 Nbd7 16. Bf5 Nb6 17. bxc5 Qxc5 {1-0 (43) Roos,A (2199)-Gulbas,C (2396) Belgium 2012}) 12. Ncxd5 {White is slightly better.} Nxd5 13. Nxd5 Bd6 14. dxc5 bxc5 {[#] And now ...Ne5 would win.} 15. Qh3 $40 {[%csl Gd3][%cal Rh3h7][%mdl 128] White has some attack.} g6 16. e4 {aiming for Bh6.} Nd4 17. Bc4 Rb8 18. Bh6 Bc8 (18... Re8 $16) 19. Qe3 $18 Nc2 $2 (19... Be6 {is tougher.} 20. Bxf8 Qxf8) 20. Qc3 {[%csl Gh6][%cal Rc3g7]} Nd4 21. Bxf8 Rb3 $2 (21... Bxf8 22. Rab1 Be6) 22. Bxd6 Rxc3 23. bxc3 Nf3+ 24. gxf3 {Be7 is the strong threat.} Qxd6 25. Rfe1 Qd8 26. Bf1 Kg7 27. Ne3 Qf6 28. Bg2 Qxc3 29. Rec1 Qe5 30. Ra2 Be6 31. Rac2 h5 32. Rxc5 Qd6 33. a4 {[%cal Ba3a4,Ba4a5][%mdl 32]} h4 34. h3 Qd7 35. a5 Qd2 36. f4 Bb3 37. f5 g5 38. e5 Qd4 {[#]} 39. e6 $1 fxe6 40. fxe6 Bxe6 41. Rxg5+ Kf6 42. Rgc5 Qd2 43. Rd1 Qa2 44. Rc6 Ke7 45. Rc7+ Kf6 46. Rc6 Ke7 $1 47. Rc7+ Kf6 48. Rxa7 {Accuracy: White = 79%, Black = 19%.} *

[Event "CAT-chT Honor Division 2019"]
[Site "Catalonia"]
[Date "2019.03.23"]
[Round "9"]
[White "Delorme, Axel"]
[Black "Gallego Alcaraz, Andres Felipe"]
[Result "*"]
[WhiteElo "2502"]
[BlackElo "2502"]
[Annotator "TA"]
[PlyCount "44"]
[EventDate "2019.01.16"]
[EventType "team-tourn"]
[EventCountry "ESP"]
[SourceTitle "playchess.com"]
[Source "ChessBase"]
[SourceQuality "1"]
[WhiteTeam "Barbera"]
[BlackTeam "Sant Josep Badalona"]

{[%evp 9,10,54,70]} 1. Nf3 Nf6 2. c4 g6 3. Nc3 c5 4. d4 Bg7 5. d5 d6 {Predecessor:} 6. g3 $146 O-O 7. Bg2 e6 8. O-O exd5 9. cxd5 Re8 10. Nd2 a6 11. a4 Nbd7 12. h3 Nh5 13. Nce4 Ndf6 14. Nc3 Nd7 15. Nce4 Bf8 16. Nc4 Ne5 17. Nxe5 Rxe5 18. Nd2 Re8 19. Nc4 f5 20. Re1 Bd7 21. a5 Bb5 22. Qc2 Bg7 {½-½ (36) Stupak,K (2573)-Efimenko,Z (2636) Abu Dhabi 2017} *

[Event "CAT-chT Honor Division 2019"]
[Site "Catalonia"]
[Date "2019.03.23"]
[Round "9"]
[White "Fluvia Poyatos, Joan"]
[Black "Alsina Leal, Daniel"]
[Result "*"]
[WhiteElo "2475"]
[BlackElo "2470"]
[Annotator "TA"]
[PlyCount "107"]
[EventDate "2019.01.16"]
[EventType "team-tourn"]
[EventCountry "ESP"]
[SourceTitle "playchess.com"]
[Source "ChessBase"]
[SourceQuality "1"]
[WhiteTeam "Sant Josep Badalona"]
[BlackTeam "Barbera"]

{[%evp 9,107,14,18,16,31,14,22,9,15,12,25,20,27,8,16,5,2,6,6,11,25,0,0,0,0,0,0,0,0,0,0,-17,-15,-29,-29,-83,-97,-84,-51,-111,-20,-75,-75,-82,0,0,0,0,0,0,0,0,0,0,0,0,0,0,0,0,0,0,0,0,0,0,0,0,0,0,0,0,0,0,0,0,0,0,0,0,0,0,0,0,0,0,0,0,7,7,7,3,7,7,7,0,0,0,3,0]} 1. b3 d5 2. Bb2 Bg4 3. Nf3 Bxf3 4. exf3 e6 5. f4 (5. g3 Nf6 6. Bg2 Be7 7. O-O O-O 8. d3 c6 9. Nd2 Nbd7 10. f4 a5 11. a3 Ne8 12. Nf3 Rc8 {1-0 (66) Nakamura,H (2763)-Vidit,S (2711) chess.com INT 2018}) 5... Nf6 6. g3 {A06: Réti Opening:1 Nf3 d5} g6 7. Bg2 Bg7 8. O-O O-O 9. d4 a5 10. a4 $146 ({Predecessor:} 10. Nd2 a4 11. c4 c6 12. Bc3 Nfd7 13. bxa4 {½-½ (34) Zak,U (2363)-Golod,V (2554) Ashdod 2004}) 10... Na6 11. Nd2 c5 12. c4 Rc8 13. Rc1 Nb4 14. Qe2 Nd7 15. Nf3 cxd4 16. Bxd4 Bxd4 17. Nxd4 Qf6 18. Nb5 Nc5 19. Qe3 b6 20. Rfd1 {[%cal Rc4d5]} dxc4 21. Rxc4 Rcd8 22. Rd6 (22. Rxd8 $11 {keeps the balance.} Rxd8 23. Rd4) 22... Rxd6 $17 23. Nxd6 Qb2 {Strongly threatening ...Rd8.} 24. Ne4 (24. Bf1 $15) 24... Nbd3 (24... Nxb3 $6 25. Qxb6 Nd5 26. Qd6 $11) (24... Nd5 $17 25. Qf3 Qxb3 26. Qxb3 Nxb3) 25. Qd4 {[#]} (25. Rd4 $11) 25... Qxd4 $1 ({But not} 25... Qxb3 $6 26. Nf6+ Kh8 27. Rc3 $11) 26. Rxd4 {[#]} Nxe4 (26... Nc1 $1 $17 {[%cal Rc1e2]} 27. Rd6 Rb8) 27. Bxe4 {[%mdl 4096] Endgame KRB-KRN. The position is equal.} Nc1 28. Rd6 Rb8 29. Bc2 $1 Kf8 30. Rc6 Ne2+ 31. Kf1 Nd4 32. Rc4 Rd8 33. Bd1 Rd6 34. Ke1 Nc6 35. Bf3 Nd4 36. Bd1 Nc6 37. Bf3 Nb4 38. Ke2 Ke7 39. Rc7+ Kf6 40. Be4 Na6 41. Rc4 Ke7 42. Ke3 f5 43. Bf3 Kd7 44. h4 Nc5 {White must now prevent ...Rd3+.} 45. b4 axb4 46. Rxb4 Rd3+ 47. Ke2 Kc7 48. a5 $1 {[%cal Ra5b6]} Rd6 49. Rc4 h5 50. axb6+ Kxb6 51. Rb4+ Kc7 $1 52. Rc4 Kb6 53. Rb4+ Kc7 $1 54. Rc4 {Accuracy: White = 65%, Black = 70%.} *

[Event "CAT-chT Honor Division 2019"]
[Site "Catalonia"]
[Date "2019.03.23"]
[Round "9"]
[White "Vila Gazquez, Xavier"]
[Black "Panelo, Marcelo"]
[Result "1/2-1/2"]
[WhiteElo "2475"]
[BlackElo "2366"]
[Annotator "TA"]
[PlyCount "125"]
[EventDate "2019.01.16"]
[EventType "team-tourn"]
[EventCountry "ESP"]
[SourceTitle "playchess.com"]
[Source "ChessBase"]
[SourceQuality "1"]
[WhiteTeam "Barbera"]
[BlackTeam "Sant Josep Badalona"]

{[%evp 13,125,-3,3,-7,20,-9,-12,-13,-18,-16,-12,-16,0,-20,-17,-18,-15,-52,-12,-8,0,0,0,0,0,0,15,14,15,0,0,0,0,0,0,0,0,0,0,0,0,0,0,0,0,0,0,0,0,0,0,0,0,0,0,-8,0,-8,0,-6,0,0,0,-7,5,5,5,0,0,0,0,0,0,0,0,0,0,0,0,-64,-41,-426,-408,-383,-11,-11,-11,-19,-12,-12,-19,-29,-33,-31,0,0,0,0,0,0,0,0,0,0,0,0,0,0,0,0,0,0,0,0]} 1. Nf3 d5 2. d4 Nf6 3. g3 c6 4. Bg2 Bf5 5. O-O h6 6. b3 e6 7. Bb2 Nbd7 8. Nbd2 {D02: 1 d4 d5 2 Nf3 sidelines, including 2...Nf6 3 g3 and 2...Nf6 3 Bf4} Ne4 9. Ne5 $146 ({Predecessor:} 9. Ne1 Nxd2 10. Qxd2 Bd6 11. c4 a5 12. Nd3 O-O 13. f3 Bxd3 14. Qxd3 Qe7 15. e3 {½-½ (15) Vaganian,R (2587)-Khenkin,I (2620) Germany 2006}) 9... Nxd2 10. Qxd2 Nxe5 11. dxe5 Be7 12. h3 h5 13. Kh2 Qc7 14. c4 O-O 15. Bf3 {[%cal Rc4d5]} Bg6 16. cxd5 cxd5 17. h4 Rac8 18. Rfc1 Qb6 19. e3 Qa6 20. a3 Rc6 21. Bd4 Rfc8 22. b4 Rc2 23. Qe1 b6 24. Rxc2 Rxc2 25. Bd1 Rc7 26. Be2 Qc8 27. Qd1 Bc2 28. Qd2 Bg6 29. Qd1 Bc2 30. Qd2 g6 31. Rc1 Bf8 32. Bb5 Be7 33. Be2 Kg7 34. Bb5 Kg8 35. Be2 Kg7 36. Bf1 Kg8 37. Bb5 Kg7 38. Bf1 g5 39. hxg5 Bxg5 40. f4 Be7 41. Be2 Bg6 $36 {[%mdl 2048] Black has the initiative.} 42. Rxc7 Qxc7 43. Qc3 Qd8 44. Qc6 Bf5 45. Qb7 Bg4 46. Bf1 (46. Bxg4 $11 hxg4 47. Kg2 (47. Qxa7 Qc8 $11)) 46... h4 $1 $15 {[%cal Rh4g3] White must now prevent ...hxg3+.} 47. Bh3 $2 {[%mdl 8192] [#]} (47. Ba6 $1 $15) 47... hxg3+ $1 $19 48. Kxg3 {[#]} Bxh3 $2 ({Better is} 48... Bh4+ $1 $19 49. Kxg4 Be1) 49. Kxh3 $11 Qh8+ 50. Kg2 Qh4 {And now ...Qg4+ would win.} 51. Kf1 Qh1+ 52. Ke2 Bh4 53. Kd2 $1 Qe1+ (53... Qb1 $5 {[%cal Rh4e1]} 54. Qa6 Be1+ 55. Ke2 Bg3 $17) 54. Kc2 {The position is equal.} Qe2+ 55. Kb3 Qd1+ 56. Kb2 Qe2+ 57. Kb1 Bf2 58. Qe7 Qd3+ 59. Kb2 Qd2+ 60. Kb1 Qe1+ 61. Kb2 Qe2+ 62. Kb1 Qd1+ 63. Kb2 {Accuracy: White = 68%, Black = 53%.} 1/2-1/2

[Event "CAT-chT Honor Division 2019"]
[Site "Catalonia"]
[Date "2019.03.23"]
[Round "9"]
[White "Romero Holmes, Alfonso"]
[Black "Matnadze, Ana"]
[Result "*"]
[WhiteElo "2423"]
[BlackElo "2372"]
[Annotator "TA"]
[PlyCount "12"]
[EventDate "2019.01.16"]
[EventType "team-tourn"]
[EventCountry "ESP"]
[SourceTitle "playchess.com"]
[Source "ChessBase"]
[SourceQuality "1"]
[WhiteTeam "Colon Sabadell"]
[BlackTeam "BCN"]

{[%evp 9,12,0,0,0,15]} 1. e4 c6 2. d4 d5 3. e5 a6 (3... c5 4. dxc5 e6 5. Nf3 Bxc5 6. a3 Ne7 7. Bd3 Ng6 8. O-O O-O 9. Nbd2 Nc6 10. b4 Bb6 11. Bxg6 fxg6 12. Nb3 Bd7 13. Re1 {1-0 (29) Anand,V (2773)-Mamedyarov,S (2817) Wijk aan Zee 2019}) 4. Nf3 Bg4 5. h3 $146 ({Predecessor:} 5. c4 e6 6. Be3 Ne7 7. Nc3 Nd7 8. c5 Nf5 9. h3 Bxf3 10. Qxf3 b6 11. b4 bxc5 12. bxc5 {1-0 (60) Midonet,M (2213)-Manoeuvre,A (2314) Paris 2016}) 5... Bxf3 6. Qxf3 {B12: Caro-Kann: Advance Variation} e6 *

[Event "CAT-chT Honor Division 2019"]
[Site "Catalonia"]
[Date "2019.03.23"]
[Round "9"]
[White "Milliet, Sophie"]
[Black "Diaz Camallonga, Carles"]
[Result "1-0"]
[WhiteElo "2391"]
[BlackElo "2432"]
[Annotator "TA"]
[PlyCount "69"]
[EventDate "2019.01.16"]
[EventType "team-tourn"]
[EventCountry "ESP"]
[SourceTitle "playchess.com"]
[Source "ChessBase"]
[SourceQuality "1"]
[WhiteTeam "BCN"]
[BlackTeam "Colon Sabadell"]

{[%evp 16,69,17,0,13,17,16,15,3,0,0,0,56,19,39,12,8,10,29,0,5,10,0,19,5,8,27,12,15,16,22,13,66,56,56,55,48,57,50,50,52,41,58,0,0,0,0,-24,-24,-55,0,0,0,0,5,10]} 1. e4 e6 2. d4 d5 3. Nc3 Nf6 4. e5 Nfd7 5. f4 c5 6. Nf3 Nc6 7. Be3 a6 8. Qd2 b5 9. Bd3 Qb6 {[%cal Rc5d4] C11: French: Classical System: 4 e5 and 4 Bg5 dxe4} 10. Qf2 cxd4 11. Nxd4 Bc5 {[%cal Rc6d4]} 12. Nce2 b4 13. O-O {[#]} Nxd4 $146 (13... O-O $11) ({Predecessor:} 13... a5 14. Rac1 O-O 15. c3 Ba6 16. Bxa6 Rxa6 17. c4 {0-1 (35) Svetushkin,D (2580)-Svane,R (2595) Batumi 2018}) 14. Nxd4 O-O 15. c3 a5 16. Qh4 {[%csl Gd3][%cal Rh4h7] [#]} f5 (16... g6 {keeps more tension.} 17. Rf3 f5 18. Rh3 Rf7 19. Qf2 Ba6) 17. Rf3 Rf7 18. g4 $36 {[%cal Rg4f5][%mdl 2048] White has some pressure.} Nf8 19. gxf5 exf5 20. Qf2 bxc3 21. bxc3 Bxd4 22. Bxd4 Qc7 23. Rb1 Bb7 (23... Rb8 $11) 24. Rb6 $14 {[#] Threatens to win with e6.} Bc6 25. Qb2 Ne6 26. Rf1 Rff8 27. Qf2 g6 28. Rfb1 Rab8 29. Bf1 (29. h4 $14) 29... Rxb6 $11 30. Rxb6 Rb8 31. Qb2 Rxb6 32. Qxb6 Qd7 (32... Qxb6 $15 33. Bxb6 Nxf4) 33. Qb8+ {The position is equal.} Kg7 $1 34. Ba6 Nxd4 35. cxd4 {[%mdl 32768] Accuracy: White = 51%, Black = 53%. . Loss on time!?} 1-0

[Event "CAT-chT Honor Division 2019"]
[Site "Catalonia"]
[Date "2019.03.23"]
[Round "9"]
[White "Milliet, Sophie"]
[Black "Diaz Camallonga, Carles"]
[Result "*"]
[WhiteElo "2391"]
[BlackElo "2432"]
[Annotator "TA"]
[PlyCount "33"]
[EventDate "2019.01.16"]
[EventType "team-tourn"]
[EventCountry "ESP"]
[SourceTitle "playchess.com"]
[Source "ChessBase"]
[SourceQuality "1"]
[WhiteTeam "BCN"]
[BlackTeam "Colon Sabadell"]

{[%evp 16,19,13,0,8,7]} 1. e4 e6 2. d4 d5 3. Nc3 Nf6 4. e5 Nfd7 5. f4 c5 6. Nf3 Nc6 7. Be3 a6 8. Qd2 b5 9. Bd3 Qb6 {[%cal Rc5d4] C11: French: Classical System: 4 e5 and 4 Bg5 dxe4} 10. Qf2 {Predecessor:} cxd4 $146 11. Nxd4 Bc5 12. Nce2 b4 13. O-O a5 14. Rac1 O-O 15. c3 Ba6 16. Bxa6 Rxa6 17. c4 {0-1 (35) Svetushkin,D (2580)-Svane,R (2595) Batumi 2018} *

[Event "CAT-chT Honor Division 2019"]
[Site "Catalonia"]
[Date "2019.03.23"]
[Round "9"]
[White "Perez Mitjans, Orelvis"]
[Black "Cuartas, Jaime Alexander"]
[Result "*"]
[WhiteElo "2377"]
[BlackElo "2516"]
[Annotator "TA RC"]
[PlyCount "47"]
[EventDate "2019.01.16"]
[EventType "team-tourn"]
[EventCountry "ESP"]
[SourceTitle "playchess.com"]
[Source "ChessBase"]
[SourceQuality "1"]
[WhiteTeam "Sant Josep Badalona"]
[BlackTeam "Barbera"]

{[%evp 21,47,38,44,38,39,37,44,40,37,49,39,41,49,0,12,18,18,0,0,0,0,0,0,0,0,0,0,0]} 1. e4 c5 2. Nf3 Nc6 3. d4 cxd4 4. Nxd4 g6 5. c4 Bg7 6. Be3 Nf6 7. Nc3 O-O 8. Be2 d6 9. O-O Bd7 10. h3 Nxd4 11. Bxd4 Bc6 12. Qc2 {B38: Sicilian: Maroczy Bind with 5...Bg7 and 7...0-0} a5 13. Rad1 Nd7 14. Bxg7 {White is slightly better.} Kxg7 15. Bg4 Nc5 16. e5 f5 {[#]} 17. Bf3 $146 (17. Be2 {feels hotter.} f4 18. Rfe1 e6 19. Rxd6 Qg5 20. f3) ({Predecessor:} 17. Be2 Ne6 18. Rfe1 Qc7 19. exd6 exd6 {1-0 (48) Andreikin,D (2732)-Jones,G (2645) Reykjavik 2016}) 17... Bxf3 {The position is equal.} 18. gxf3 e6 19. Qe2 Qg5+ 20. Kh1 Qh4 21. Kg2 $1 ({But not} 21. exd6 $2 Qxh3+ 22. Kg1 f4 $19) 21... Qg5+ 22. Kh1 Qh4 23. Kg2 $1 ({Avoid the trap} 23. exd6 $2 Qxh3+ 24. Kg1 f4 $19) 23... Qg5+ 24. Kh1 {Accuracy: White = 74%, Black = 87%.} *

[Event "CAT-chT Honor Division 2019"]
[Site "Catalonia"]
[Date "2019.03.23"]
[Round "9"]
[White "Alonso Moyano, Jonathan"]
[Black "Fernandez Madrid, Carlos"]
[Result "1/2-1/2"]
[WhiteElo "2374"]
[BlackElo "2042"]
[Annotator "ChessBase"]
[PlyCount "133"]
[EventDate "2019.01.16"]
[EventType "team-tourn"]
[EventCountry "ESP"]
[SourceTitle "playchess.com"]
[Source "ChessBase"]
[SourceQuality "1"]
[WhiteTeam "Barbera"]
[BlackTeam "Sant Josep Badalona"]
[TimeControl "5400+30"]

1. e4 {[%emt 0:00:00]} g6 {[%emt 0:00:25]} 2. d4 {[%emt 0:00:52]} Bg7 {[%emt 0:00:21]} 3. Nf3 {[%emt 0:01:03]} d6 {[%emt 0:00:35]} 4. Bc4 {[%emt 0:05:03]} e6 {[%emt 0:00:36]} 5. Qe2 {[%emt 0:00:35]} a6 {[%emt 0:00:41]} 6. a4 {[%emt 0:00:40]} Ne7 {[%emt 0:00:13]} 7. Bb3 {[%emt 0:01:19]} Nd7 {[%emt 0:00:53]} 8. O-O {[%emt 0:00:29]} b6 {[%emt 0:00:46]} 9. c3 {[%emt 0:02:14]} Bb7 {[%emt 0:00:13]} 10. Bg5 {[%emt 0:00:33]} h6 {[%emt 0:01:33]} 11. Bh4 {[%emt 0:04:44]} g5 {[%emt 0:03:48]} 12. Bg3 {[%emt 0:00:04]} Ng6 {[%emt 0:00:26]} 13. Nbd2 {[%emt 0:09:33]} h5 {[%emt 0:02:23]} 14. h3 {[%emt 0:04:17]} g4 {[%emt 0:01:44]} 15. hxg4 {[%emt 0:00:54]} hxg4 {[%emt 0:01:41]} 16. Nh2 {[%emt 0:00:47]} Qg5 {[%emt 0:03:48]} 17. Nxg4 {[%emt 0:00:59]} O-O-O {[%emt 0:04:20]} 18. f4 {[%emt 0:06:18]} Qh5 {[%emt 0:01:44]} 19. Kf2 {[%emt 0:00:46]} Rde8 {[%emt 0:13:45]} 20. Rh1 {[%emt 0:12:06]} Qxh1 {[%emt 0:00:11]} 21. Rxh1 {[%emt 0:00:05]} Rxh1 {[%emt 0:00:02]} 22. Qd3 {[%emt 0:00:46]} Kb8 {[%emt 0:06:58]} 23. e5 {[%emt 0:04:37]} dxe5 {[%emt 0:01:49]} 24. fxe5 {[%emt 0:02:49]} Rd8 {[%emt 0:05:01]} 25. Qe2 {[%emt 0:04:15]} Ne7 {[%emt 0:02:30]} 26. Bc2 {[%emt 0:02:39]} Rg8 {[%emt 0:03:34]} 27. Be4 {[%emt 0:01:01]} Bxe4 {[%emt 0:01:28]} 28. Nxe4 {[%emt 0:02:23]} Nf5 {[%emt 0:03:16]} 29. Qxa6 {[%emt 0:05:21]} Nxg3 {[%emt 0:03:54]} 30. Nxg3 {[%emt 0:00:42]} Rh4 {[%emt 0:01:25]} 31. Ne3 {[%emt 0:03:12]} Bxe5 {[%emt 0:02:51]} 32. Ngf1 {[%emt 0:01:27]} Bg3+ {[%emt 0:05:52]} 33. Ke2 {[%emt 0:01:12]} Rh5 {[%emt 0:01:06]} 34. b4 {[%emt 0:03:38]} Rgg5 {[%emt 0:05:17]} 35. Nxg3 {[%emt 0:04:10]} Rxg3 {[%emt 0:01:13]} 36. a5 {[%emt 0:00:03]} bxa5 {[%emt 0:02:25]} 37. bxa5 {[%emt 0:00:54]} Rgg5 {[%emt 0:00:36]} 38. Qc6 {[%emt 0:01:53]} Nf6 {[%emt 0:03:23]} 39. a6 {[%emt 0:00:23]} Rb5 {[%emt 0:00:17]} 40. Qf3 {[%emt 0:06:22]} Rh6 {[%emt 0:06:16]} 41. Kd3 {[%emt 0:02:08]} Rg6 {[%emt 0:01:25]} 42. g4 {[%emt 0:00:42]} e5 {[%emt 0:02:26]} 43. dxe5 {[%emt 0:01:36]} Nd7 {[%emt 0:00:04]} 44. Nc4 {[%emt 0:00:04]} Nc5+ {[%emt 0:01:04]} 45. Kd2 {[%emt 0:01:20]} Rxa6 {[%emt 0:00:36]} 46. Qxf7 {[%emt 0:00:21]} Nb3+ {[%emt 0:02:03]} 47. Kd3 {[%emt 0:01:18]} Rc6 {[%emt 0:01:03]} 48. Ne3 {[%emt 0:01:05]} Nc1+ {[%emt 0:00:41]} 49. Kd2 {[%emt 0:02:25]} Rxe5 {[%emt 0:00:07]} 50. Nd5 {[%emt 0:01:30]} Nb3+ {[%emt 0:00:35]} 51. Kc2 {[%emt 0:00:32]} Nd4+ {[%emt 0:00:21]} 52. Kd3 {[%emt 0:00:21]} Ne6 {[%emt 0:00:35]} 53. Nb4 {[%emt 0:01:17]} Rd6+ {[%emt 0:00:20]} 54. Kc2 {[%emt 0:00:02]} Re2+ {[%emt 0:00:31]} 55. Kb3 {[%emt 0:00:24]} Nc5+ {[%emt 0:01:03]} 56. Kc4 {[%emt 0:00:37]} Nd7 {[%emt 0:00:04]} 57. Kb3 {[%emt 0:00:57]} Rdd2 {[%emt 0:01:20]} 58. Qg8+ {[%emt 0:00:34]} Kb7 {[%emt 0:00:12]} 59. g5 {[%emt 0:00:26]} Nb6 {[%emt 0:00:10]} 60. g6 {[%emt 0:00:27]} Rb2+ {[%emt 0:00:05]} 61. Ka3 {[%emt 0:00:01]} Rb1 {[%emt 0:01:08]} 62. g7 {[%emt 0:00:37]} Rg1 {[%emt 0:00:30]} 63. Qf7 {[%emt 0:00:26]} Reg2 {[%emt 0:00:14]} 64. Qf3+ {[%emt 0:00:23]} Kc8 {[%emt 0:00:43]} 65. Qf8+ {[%emt 0:00:45]} Kb7 {[%emt 0:01:51]} 66. Qf3+ {[%emt 0:00:05]} Kc8 {[%emt 0:00:50]} 67. Qf8+ {[%emt 0:00:05]} 1/2-1/2